000 00426nam a2200169Ia 4500
008 221030s9999 xx 000 0 und d
020 _a8177587654
041 _aEnglish
100 _aD. D. Hearn
245 0 _aComputer Graphics C Version
_cby D. D. Hearn, M. P. Baker
250 _a2nd
260 _bPearson Education
_aNew Delhi
_c2013
300 _a660
650 _aBE Computer
700 _aM. P. Baker
942 _cBK
999 _c16097
_d16097